Statistiken für Nennen Sie die 33 berühmtesten Früchte – Quiz Früchten

Klicken Sie hier um das Quiz zu spielen!

Allgemein

  • Dieses Quiz wurde 437 mal gespielt
  • Das Durchschnittsergebnis liegt bei 18 aus 33

Antwortstatistiken

HintAntwort% Korrekt
AApfel
99%
BBanane
91%
EErdbeere
90%
Birne
89%
OOrange
84%
Ananas
78%
Himbeere
78%
ZZitrone
72%
Mango
71%
Mandarine
68%
Kiwi
64%
MMelone
62%
DDattel
61%
KKirsche
61%
Traube
60%
FFeige
59%
Pfirsich
59%
Pflaume
59%
Litschi
55%
Brombeere
54%
PPapaya
52%
Granatapfel
49%
NNektarine
47%
LLimette
46%
Aprikose
41%
TTomate
35%
Avocado
34%
GGrapefruit
30%
SStachelbeere
29%
Passionsfrucht
24%
Guave
19%
Pomelo
12%
HHagebutte
7%

Verteilung der Resultate

Perzentil nach korrekt beantworteten Fragen

Anzahl Personen mit jedem Resultat

Ihre Resultats-Entwicklung

Sie haben dieses Quiz noch nicht gespielt